The multimedia handbook /
Saved in:
| Main Author: | |
|---|---|
| Format: | Book |
| Language: | English |
| Published: |
London ; New York :
Routledge,
1996.
|
| Subjects: | |
| Tags: |
Add Tag
No Tags, Be the first to tag this record!
|
| LEADER | 01463cam a2200265 a 4500 | ||
|---|---|---|---|
| 001 | 007242514-8 | ||
| 005 | 20020606163548.3 | ||
| 008 | 960207s1996 enka b 001 0 eng | ||
| 010 | |a 96006079 | ||
| 015 | |a GB96-89451 | ||
| 020 | |a 0415136660 (alk. paper) | ||
| 035 | 0 | |a ocm34192342 | |
| 035 | 0 | |a ocm34192342 |z ocm36261066 | |
| 040 | |a DLC |c DLC |d C#P |d UKM |d HLS | ||
| 050 | 0 | 0 | |a QA76.575 |b .C33 1996 |
| 082 | 0 | 0 | |a 006.6 |2 20 |
| 100 | 1 | |a Cawkell, A. E. | |
| 245 | 1 | 4 | |a The multimedia handbook / |c Tony Cawkell. |
| 260 | |a London ; |a New York : |b Routledge, |c 1996. | ||
| 300 | |a x, 461 p. : |b ill. ; |c 26 cm. | ||
| 504 | |a Includes bibliographical references (p. [411]-431) and index. | ||
| 505 | 0 | |a Pt. I. Background and technology. 1. Introduction. 2. General functions and technology. 3. Compression. 4. Image processing. 5. Multimedia computers and systems. 6. Planning and preparing multimedia presentations: authoring systems. 7. Multimedia, copyright, and patents. 8. Transmission systems and multimedia. 9. Standards -- Pt. II. Multimedia applications and markets. 10. Indexing. 11. Business applications: CDs and CD authoring: publications. 12. Home and consumer applications. 13. Medical multimedia networks. 14. Museums and art applications. 15. Training and education. 16. Multimedia databases. 17. Videoconferencing and Virtual Reality. 18. Multimedia applications: prospects and growth. | |
| 650 | 0 | |a Multimedia systems. | |
| 988 | |a 20020608 | ||
| 906 | |0 DLC | ||


